| 000 | 01139cam a2200325 i 4500 | ||
|---|---|---|---|
| 001 | 17321625 | ||
| 003 | CEME | ||
| 005 | 20210628201606.0 | ||
| 008 | 120529s2012 pk a b 000 0 eng | ||
| 010 | _a 2012430025 | ||
| 020 | _a9789699532016 | ||
| 025 | _aP-E-2012430025; 31 | ||
| 037 |
_bLibrary of Congress -- Islamabad Overseas Office _cRs 2500 |
||
| 040 |
_aDLC _beng _cDLC _erda _dDLC |
||
| 042 |
_alcode _apcc |
||
| 043 | _aa-pk--- | ||
| 050 | 0 | 0 |
_aBL2018 _b.S33 2012 |
| 100 | 1 |
_aDr. Safdar Ali Shah, Syed Javaid A. Kazi. _d1948- _955961 |
|
| 245 | 1 | 4 |
_aThe Sikh heritage of Pakistan / _cDr. Safdar Ali Shah, Syed Javaid A. Kazi. |
| 300 |
_ax, 96 pages : _billustrations ; _c31 cm |
||
| 504 | _aIncludes bibliographical references (pages 94-96). | ||
| 650 | 0 |
_aSikhism _zPakistan. _96448 |
|
| 650 | 0 |
_aSikhism _zPakistan _vPictorial works. _96449 |
|
| 650 | 0 |
_aSikh temples _zPakistan. _96450 |
|
| 650 | 0 |
_aSikh temples _zPakistan _vPictorial works. _96451 |
|
| 650 | 0 |
_aSikhs _zPakistan. _96452 |
|
| 650 | 0 |
_aSikhs _zPakistan _vPictorial works. _96453 |
|
| 700 | 1 |
_aKazi, Syed Javaid A., _eillustrator. _96457 |
|
| 942 |
_2ddc _cBK |
||
| 999 |
_c566546 _d566546 |
||